[Event "Titled Tuesday intern op 06th Jun Late"]
[Site "Chess.com INT"]
[Date "2023.06.06"]
[Round "4"]
[White "Injac, Teodora"]
[Black "Santos, Jose Guilherme B Li"]
[Result "0-1"]
[WhiteElo "2401"]
[BlackElo "2386"]
[PlyCount "130"]
[EventDate "2023.06.06"]
[EventType "swiss (blitz)"]
[EventRounds "11"]
[EventCountry "USA"]
[SourceTitle "EXT 2024"]
[Source "ChessBase"]
[SourceDate "2023.10.10"]
[SourceVersion "1"]
[SourceVersionDate "2023.10.10"]
[SourceQuality "1"]

1. d3 c5 2. Nf3 Nc6 3. g3 g6 4. Bg2 Bg7 5. 0-0 d6 6. e4 e6 7. Nc3 Nge7 8. Qd2 0-0 9. b3 Nd4 10. Bb2 Nec6 11. Rab1 Rb8 12. h4 h6 13. Ne2 b5 14. Nfxd4 cxd4 15. f4 Re8 16. Qe1 Bd7 17. Qf2 Qf6 18. c3 dxc3 19. Bxc3 e5 20. Qe3 Qe7 21. f5 Rec8 22. Bh3 Rc7 23. Rf2 Nd4 24. Nxd4 Rxc3 25. Ne2 Rc2 26. Rbf1 f6 27. Qxa7 Rbc8 28. fxg6 R2c7 29. Bxd7 Rxa7 30. Bxc8 Qe8 31. Bf5 b4 32. Rc1 Ra8 33. g4 Qb5 34. Be6+ Kh8 35. Bc4 Qb6 36. Rc2 Rc8 37. Kg2 Qd8 38. Ng3 Qe8 39. h5 Qd7 40. Nf5 Bf8 41. Bd5 Qd8 42. Be6 Rc7 43. Kf3 Qb8 44. Rc4 Rxc4 45. Bxc4 Qa7 46. Bd5 Qa6 47. Bc4 Qa7 48. Ne3 d5 49. Nxd5 Kg7 50. Ne3 Bc5 51. Nf5+ Kh8 52. Re2 Bf8 53. Rc2 Qg1 54. Bf7 Qf1+ 55. Ke3 Qe1+ 56. Re2 Bc5+ 57. d4 exd4+ 58. Nxd4 Bxd4+ 59. Kxd4 Qxe2 60. Kd5 Qd3+ 61. Ke6 Qxe4+ 62. Kxf6 Qxg4 63. Ke7 Kg7 64. Be6 Qxh5 65. Kd6 Qxg6 0-1

[Event "Titled Tuesday intern op 06th Jun Late"]
[Site "Chess.com INT"]
[Date "2023.06.06"]
[Round "11"]
[White "Santos, Jose Guilherme B Li"]
[Black "Aldokhin, Ivan"]
[Result "0-1"]
[WhiteElo "2386"]
[BlackElo "2413"]
[PlyCount "110"]
[EventDate "2023.06.06"]
[EventType "swiss (blitz)"]
[EventRounds "11"]
[EventCountry "USA"]
[SourceTitle "EXT 2024"]
[Source "ChessBase"]
[SourceDate "2023.10.10"]
[SourceVersion "1"]
[SourceVersionDate "2023.10.10"]
[SourceQuality "1"]

1. Nf3 Nf6 2. g3 g6 3. Bg2 Bg7 4. 0-0 0-0 5. d4 d6 6. c4 Nc6 7. Nc3 Bf5 8. d5 Na5 9. b3 Ne4 10. Nxe4 Bxe4 11. Bd2 c5 12. Rc1 b5 13. Qe1 b4 14. Ng5 Bxg2 15. Kxg2 Nb7 16. e4 h6 17. Nf3 a5 18. e5 a4 19. Qe3 axb3 20. axb3 Ra3 21. Rfe1 Na5 22. Rb1 Nxc4 23. Qe2 Nxe5 24. Nxe5 dxe5 25. Qc4 Qa8 26. Bc1 Ra2 27. Kg1 Rd8 28. Rd1 e6 29. d6 Bf8 30. Qxc5 Ra6 31. Qxb4 Raxd6 32. Rxd6 Rxd6 33. Qe1 Qf3 34. Be3 h5 35. b4 h4 36. b5 Rd7 37. Qf1 f5 38. Qg2 Rd1+ 39. Rxd1 Qxd1+ 40. Qf1 Qb3 41. b6 Bd6 42. Qc1 h3 43. Qf1 f4 44. Bc1 Qxb6 45. Qxh3 Qb3 46. Qg4 Kf7 47. Qe2 Qd5 48. Qf1 f3 49. Be3 Bc5 50. Qc1 Bxe3 51. fxe3 e4 52. Qc2 Qd3 53. Qf2 Qd1+ 54. Qf1 Qxf1+ 55. Kxf1 Kf6 0-1